[Event "GER-chT U20"]
[Site "Osnabrueck"]
[Date "2018.12.29"]
[Round "5.5"]
[White "Pitz, Sebastian"]
[Black "Saive, Philipp"]
[Result "0-1"]
[WhiteElo "1500"]
[BlackElo "1715"]
[PlyCount "62"]
[EventDate "2018.12.27"]
[EventType "team-swiss"]
[EventRounds "7"]
[EventCountry "GER"]
[SourceTitle "CBM 188 Extra"]
[Source "ChessBase"]
[SourceDate "2019.02.26"]
[SourceVersion "1"]
[SourceVersionDate "2019.02.26"]
[SourceQuality "1"]
[WhiteTeam "Bensheim"]
[BlackTeam "Lambsheim"]
[WhiteTeamCountry "GER"]
[BlackTeamCountry "GER"]

1. d4 d5 2. c4 e5 3. cxd5 Qxd5 4. Nf3 exd4 5. Qxd4 Qxd4 6. Nxd4 Bc5 7. Nb3 Bd6 8. g3 Nf6 9. Bg2 c6 10. 0-0 Bg4 11. Re1 0-0 12. e4 Nbd7 13. Bg5 Rfe8 14. Nc3 h6 15. f3 Bxf3 16. Bxh6 Bxg2 17. Kxg2 gxh6 18. Rad1 Bb4 19. Re3 Bxc3 20. bxc3 Nb6 21. Nc5 Nbd5 22. Rf3 Nxe4 23. Nxb7 Ng5 24. Rfd3 Ne3+ 25. Rxe3 Rxe3 26. c4 Rb8 27. Nc5 Rb2+ 28. Kf1 Ree2 29. Nd7 Rf2+ 30. Kg1 Nh3+ 31. Kh1 Rxh2# 0-1

[Event "GER-chT U20"]
[Site "Osnabrueck"]
[Date "2018.12.28"]
[Round "3.5"]
[White "Saive, Philipp"]
[Black "Bruell, Elias"]
[Result "1/2-1/2"]
[WhiteElo "1715"]
[BlackElo "1884"]
[PlyCount "63"]
[EventDate "2018.12.27"]
[EventType "team-swiss"]
[EventRounds "7"]
[EventCountry "GER"]
[SourceTitle "CBM 188 Extra"]
[Source "ChessBase"]
[SourceDate "2019.02.26"]
[SourceVersion "1"]
[SourceVersionDate "2019.02.26"]
[SourceQuality "1"]
[WhiteTeam "Lambsheim"]
[BlackTeam "Regensburg Bavaria"]
[WhiteTeamCountry "GER"]
[BlackTeamCountry "GER"]

1. d4 Nf6 2. Bf4 c5 3. d5 Qb6 4. Nc3 d6 5. Qd2 Bf5 6. f3 Nh5 7. Be3 Bg6 8. Bf2 e5 9. e4 Be7 10. h4 h6 11. b4 Qxb4 12. Rb1 Qa5 13. Rxb7 a6 14. Bc4 Nd7 15. Nge2 Nhf6 16. Nb1 Qxd2+ 17. Nxd2 0-0 18. 0-0 Rfb8 19. Rfb1 Bd8 20. Rxb8 Nxb8 21. Rb7 Nbd7 22. Nb3 Nb6 23. Na5 Nxc4 24. Nxc4 Ne8 25. g4 f6 26. Ng3 Bc7 27. Be1 Rb8 28. Rxb8 Bxb8 29. Ba5 Kf8 30. Bd8 Nc7 31. Nxd6 Nxd5 32. Ndf5 1/2-1/2